Sinopsis pastoral de Mateo, Marcos, Lucas, Juan, con notas exegéticas y pastorales

Guardat en:
Dades bibliogràfiques
Autor principal: Hurault, Bernardo (Autor)
Format: Llibre
Idioma:espanyol
Publicat: Madrid Paulinas 1980
Matèries:
Etiquetes: Afegir etiqueta
Sense etiquetes, Sigues el primer a etiquetar aquest registre!

MARC

LEADER 00000nam a2200000 a 4500
001 UCL1530
003 CL-VaPUC
008 030911e19800000SP |||||||||||||||||spa|d
020 |a 8428507929 
082 0 4 |a 226  |b HUR  |2 21 
100 |a Hurault, Bernardo  |e author  |9 541558 
245 1 0 |a Sinopsis pastoral de Mateo, Marcos, Lucas, Juan, con notas exegéticas y pastorales 
300 |a 311 p 
942 |c BK 
945 |d 20030911 00:00:00  |a vberengu 
260 |a Madrid  |b Paulinas  |c 1980 
600 0 |a Mateo   |9 315639 
600 0 |a Marcos  |9 314863 
600 0 |a Lucas   |9 444448 
600 0 |a Juan   |9 478401 
650 0 |a Evangelios  |9 314864 
650 0 |a Textos sagrados   |9 257605 
650 0 |a Evangelios sinópticos   |9 421539 
583 |a last modification  |c 20030911 00:00:00  |k Rodrigo Vera 
999 |c 305066  |d 305064 
952 |0 0  |1 0  |4 0  |6 226_000000000000000_HUR_1980  |7 0  |8 A  |9 368017  |a BIBTEO  |b BIBTEO  |d 2019-11-21  |i 2077507  |o 226 HUR 1980  |p 2077507  |r 2025-01-17  |w 2019-11-21  |y BK  |k ICR